The Letters to his friends, with an English translation / by W. Glynn Williams.

Bibliographic Details
Main Author: Cicero, Marcus Tullius
Other Authors: Williams, W. Glynn (William Glynn)
Format: Book
Language:English
Latin
Published: Cambridge, Mass. : London : Harvard University Press ; Heinemann, 1952-1954.
Series:Loeb classical library.

MARC

Tag First Indicator Second Indicator Subfields
LEADER 00000cam a2200000 a 4500
001 in00000090923
005 20151008063823.0
008 750307r19521927mauc b 00110 eng d
035 |a (OCoLC)01204337 
035 |9 AAK2989AM 
040 |a YNG  |c YNG  |d OCL  |d m.c.  |d TXA  |d UtOrBLW 
041 0 |a lat  |a eng 
049 |a TXAM  |v 1 [1655007] 
090 |a PA6156.C6  |b E3 1952 
100 1 |a Cicero, Marcus Tullius. 
245 1 4 |a The Letters to his friends, with an English translation / by W. Glynn Williams. 
264 1 |a Cambridge, Mass. :  |b Harvard University Press ;  |a London :  |b Heinemann,  |c 1952-1954. 
300 |a 3 volumes :  |b portrait ;  |c 17 cm. 
336 |a text  |b txt  |2 rdacontent 
337 |a unmediated  |b n  |2 rdamedia 
338 |a volume  |b nc  |2 rdacarrier 
490 1 |a Loeb classical library : [Latin authors] 
500 |a Reprint. Originally published: London : H. Heinemann, 1927-29. 
500 |a Latin and English on opposite pages. 
504 |a Includes bibliographical references and index. 
700 1 |a Williams, W. Glynn  |q (William Glynn) 
830 0 |a Loeb classical library. 
999 |a MARS 
999 f f |s 03556f21-1266-363c-8152-b49f587a62c5  |i eee019ef-27c8-36e9-be07-07618ba3c886  |t 0 
952 f f |p normal  |a Texas A&M University  |b College Station  |c Sterling C. Evans Library  |d Evans: Library Stacks  |t 0  |e PA6156.C6 E3 1952  |h Library of Congress classification  |i unmediated -- volume  |k v.1  |m A14806173743 
998 f f |a PA6156.C6 E3 1952  |s v.1  |t 0  |l Evans: Library Stacks